<?xml version="1.0" encoding="UTF-8"?><?xml-stylesheet type="text/xsl" href="static/style.xsl"?><OAI-PMH xmlns="http://www.openarchives.org/OAI/2.0/" xmlns:xsi="http://www.w3.org/2001/XMLSchema-instance" xsi:schemaLocation="http://www.openarchives.org/OAI/2.0/ http://www.openarchives.org/OAI/2.0/OAI-PMH.xsd"><responseDate>2026-04-13T06:54:15Z</responseDate><request verb="GetRecord" identifier="oai:www.recercat.cat:11351/9215" metadataPrefix="marc">https://recercat.cat/oai/request</request><GetRecord><record><header><identifier>oai:recercat.cat:11351/9215</identifier><datestamp>2025-10-24T07:46:58Z</datestamp><setSpec>com_2072_451667</setSpec><setSpec>com_2072_378040</setSpec><setSpec>col_2072_451668</setSpec></header><metadata><record xmlns="http://www.loc.gov/MARC21/slim" xmlns:dcterms="http://purl.org/dc/terms/" xmlns:xsi="http://www.w3.org/2001/XMLSchema-instance" xmlns:doc="http://www.lyncode.com/xoai" xsi:schemaLocation="http://www.loc.gov/MARC21/slim http://www.loc.gov/standards/marcxml/schema/MARC21slim.xsd">
   <leader>00925njm 22002777a 4500</leader>
   <datafield ind2=" " ind1=" " tag="042">
      <subfield code="a">dc</subfield>
   </datafield>
   <datafield ind2=" " ind1=" " tag="720">
      <subfield code="a">Fernández, Oscar</subfield>
      <subfield code="e">author</subfield>
   </datafield>
   <datafield ind2=" " ind1=" " tag="720">
      <subfield code="a">Martínez-Ginés, Maria Luisa</subfield>
      <subfield code="e">author</subfield>
   </datafield>
   <datafield ind2=" " ind1=" " tag="720">
      <subfield code="a">Montero-Escribano, Paloma</subfield>
      <subfield code="e">author</subfield>
   </datafield>
   <datafield ind2=" " ind1=" " tag="720">
      <subfield code="a">Prieto, Jose Maria</subfield>
      <subfield code="e">author</subfield>
   </datafield>
   <datafield ind2=" " ind1=" " tag="720">
      <subfield code="a">Costa-Frossard França, Lucienne</subfield>
      <subfield code="e">author</subfield>
   </datafield>
   <datafield ind2=" " ind1=" " tag="720">
      <subfield code="a">Ramió-Torrentà, Lluís</subfield>
      <subfield code="e">author</subfield>
   </datafield>
   <datafield ind2=" " ind1=" " tag="260">
      <subfield code="c">2023-03-21T11:04:42Z</subfield>
   </datafield>
   <datafield ind2=" " ind1=" " tag="260">
      <subfield code="c">2023-03-21T11:04:42Z</subfield>
   </datafield>
   <datafield ind2=" " ind1=" " tag="260">
      <subfield code="c">2021-09-27</subfield>
   </datafield>
   <datafield ind2=" " ind1=" " tag="520">
      <subfield code="a">Esclerosi múltiple; Espasticitat; Cannabinoides</subfield>
   </datafield>
   <datafield ind2=" " ind1=" " tag="520">
      <subfield code="a">Múltiple esclerosis; Espasticidad; Cannabidiol</subfield>
   </datafield>
   <datafield ind2=" " ind1=" " tag="520">
      <subfield code="a">Multiple sclerosis; Muscle spasticity; Cannabidiol</subfield>
   </datafield>
   <datafield ind2=" " ind1=" " tag="520">
      <subfield code="a">Background: Multiple sclerosis (MS) treatment has radically improved over the last years; however, MS symptom management is still challenging. The novel Spasticity-Plus syndrome was conceptualized to frame several spasticity-related symptoms that can be addressed together with broad-spectrum medication, such as certain cannabinoid-based drugs. The aim of this project was to gain insight into Spanish neurologists' clinical experience on MS spasticity and associated symptoms, and to assess the acknowledgment and applicability of the Spasticity-Plus syndrome concept in patients with MS. Methods: Ten online meetings were conducted using the Workmat® methodology to allow structured discussions. Fifty-five Spanish neurologists, experts in MS management, completed and discussed a set of predefined exercises comprising MS symptom assessment and its management in clinical practice, MS symptoms clustering in clinical practice, and their perception of the Spasticity-Plus syndrome concept. This document presents the quantitative and qualitative results of these discussions. Results: The specialists considered that polytherapy is a common concern in MS and that simplifying the management of MS spasticity and associated manifestations could be useful. They generally agreed that MS spasticity should be diagnosed before moderate or severe forms appear. According to the neurologists' clinical experience, symptoms commonly associated with MS spasticity included spasms/cramps (100% of the specialists), pain (85%), bladder dysfunction (62%), bowel dysfunction (42%), sleep disorders (42%), and sexual dysfunction (40%). The multiple correspondence analysis revealed two main symptom clusters: spasticity-spasms/cramps-pain, and ataxia-instability-vertigo. Twelve out of 16 symptoms (75%) were scored >7 in a 0-10 QoL impact scale by the specialists, representing a moderate-high impact. The MS specialists considered that pain, spasticity, spasms/cramps, bladder dysfunction, and depression should be a treatment priority given their frequency and chance of therapeutic success. The neurologists agreed on the usefulness of the new Spasticity-Plus syndrome concept to manage spasticity and associated symptoms together, and their experience with treatments targeting the cannabinoid system was satisfactory. Conclusions: The applicability of the new concept of Spasticity-Plus in MS clinical practice seems possible and may lead to an integrated management of several MS symptoms, thus reducing the treatment burden of disease symptoms.</subfield>
   </datafield>
   <datafield ind2=" " ind1=" " tag="520">
      <subfield code="a">The study was funded by an investigational grant from Almirall SA</subfield>
   </datafield>
   <datafield ind1="8" ind2=" " tag="024">
      <subfield code="a">http://hdl.handle.net/11351/9215</subfield>
   </datafield>
   <datafield tag="653" ind2=" " ind1=" ">
      <subfield code="a">Esclerosi múltiple</subfield>
   </datafield>
   <datafield tag="653" ind2=" " ind1=" ">
      <subfield code="a">Espasticitat muscular</subfield>
   </datafield>
   <datafield tag="653" ind2=" " ind1=" ">
      <subfield code="a">Cannabinoides</subfield>
   </datafield>
   <datafield tag="653" ind2=" " ind1=" ">
      <subfield code="a">DISEASES::Immune System Diseases::Autoimmune Diseases::Autoimmune Diseases of the Nervous System::Demyelinating Autoimmune Diseases, CNS::Multiple Sclerosis</subfield>
   </datafield>
   <datafield tag="653" ind2=" " ind1=" ">
      <subfield code="a">DISEASES::Pathological Conditions, Signs and Symptoms::Signs and Symptoms::Neurologic Manifestations::Neuromuscular Manifestations::Muscle Hypertonia::Muscle Spasticity</subfield>
   </datafield>
   <datafield tag="653" ind2=" " ind1=" ">
      <subfield code="a">CHEMICALS AND DRUGS::Organic Chemicals::Hydrocarbons::Terpenes::Cannabinoids::Cannabidiol</subfield>
   </datafield>
   <datafield tag="653" ind2=" " ind1=" ">
      <subfield code="a">ENFERMEDADES::enfermedades del sistema nervioso::enfermedades autoinmunitarias del sistema nervioso::enfermedades autoinmunes desmielinizantes del SNC::esclerosis múltiple</subfield>
   </datafield>
   <datafield tag="653" ind2=" " ind1=" ">
      <subfield code="a">ENFERMEDADES::enfermedades musculoesqueléticas::enfermedades musculares::espasticidad muscular</subfield>
   </datafield>
   <datafield tag="653" ind2=" " ind1=" ">
      <subfield code="a">COMPUESTOS QUÍMICOS Y DROGAS::compuestos orgánicos::hidrocarburos::terpenos::cannabinoides::cannabidiol</subfield>
   </datafield>
   <datafield ind2="0" ind1="0" tag="245">
      <subfield code="a">Integrated Management of Multiple Sclerosis Spasticity and Associated Symptoms Using the Spasticity-Plus Syndrome Concept: Results of a Structured Specialists’ Discussion Using the Workmat® Methodology</subfield>
   </datafield>
</record></metadata></record></GetRecord></OAI-PMH>